01477nam a2200277 a 450000100100000000500170001000800410002702000180006804000250008608200150011110000390012624501330016526000370029830000240033550000260035950400260038559000260041170000550043795201230049295201230061595201080073895201140084695201080096095201140106899900170118200004706120201002053327.0180412s2016 dr a 000 0 spa d a9789945123944 aDO-SdBNPbspacBNPHU axxxxbxxxx1 aSaiz de Bauger, Guillermina97489110aEnglish III :bstudent's book 6th grade primary school /cGuillermina Saiz de Bauger ; collaborator Carmen Ellis Muñoz Rosado. aSanto Domingo :bSusaeta,c2016. av. :bil. ;c28 cm. aNew curriculum design aBibliography : p. 128 aInventariado, 2018/LP1 aMuñoz Rosado, Carmen Ellis,ecollaborator974892 001054708PDaGRbGRcHDd2018-04-12iLF1l0ov. 1, e. 3p47061-30r2020-06-25w2020-06-25yLFPDZPréstamo en sala 001054708PDaGRbGRcHDd2018-11-16iLF1l0ov. 2, e. 3p47061-60r2020-06-25w2020-06-25yLFPDZPréstamo en sala 0010718PDaPDbPDcHDd2018-04-12iLF1l0ov. 1p47061-10r2020-06-25w2020-06-25yLFPDZNo se presta 0010718PDaPDbPDcHDd2018-04-12iLF1l0ov. 1, e. 2p47061-20r2020-06-25w2020-06-25yLFPDZNo se presta 0010718PDaPDbPDcHDd2018-11-16iLF1l0ov. 2p47061-40r2020-06-25w2020-06-25yLFPDZNo se presta 0010718PDaPDbPDcHDd2018-11-16iLF1l0ov. 2, e. 2p47061-50r2020-06-25w2020-06-25yLFPDZNo se presta c46549d46549